| 000 | 00646 a2200157 4500 | ||
|---|---|---|---|
| 003 | Nust | ||
| 005 | 20221228141604.0 | ||
| 040 | _cNust | ||
| 082 | _a297.9,NAJ | ||
| 100 |
_aMaulana Akbar Shah Khan Najeebabdi, _9106246 |
||
| 245 |
_aHisory of Islam Vol-1 _bAuthentic Islamic History a rejoinder to orientalists _cMaulana Akbar Shah Khan Najeebabdi, |
||
| 260 |
_aKarachi _bDarul Ishaat _c2001 |
||
| 300 | _a476 p; | ||
| 505 | _aIntroduction (Page-27), Islamic History (The Land of Arabia) (Page-47), Muhammad (Page-77), The Caliphate (Page-239), Uthan The Third Caliph (Page-349), Ali Bin Abi Talib fourth Caliph (Page-393). | ||
| 942 |
_2ddc _cBK |
||
| 999 |
_c197105 _d197105 |
||